Fast typing 1-200 - Statistics

General Stats
  • This quiz has been taken 14 times
  • The average score is 140 of 200
Answer Stats
# Answer % Correct
1
100%
10
100%
11
100%
12
100%
13
100%
14
100%
15
100%
16
100%
17
100%
18
100%
19
100%
2
100%
20
100%
21
100%
22
100%
23
100%
24
100%
25
100%
26
100%
27
100%
28
100%
29
100%
3
100%
30
100%
31
100%
32
100%
33
100%
34
100%
35
100%
36
100%
37
100%
38
100%
39
100%
4
100%
40
100%
41
100%
42
100%
43
100%
44
100%
45
100%
46
100%
47
100%
48
100%
49
100%
5
100%
50
100%
51
100%
52
100%
53
100%
54
100%
55
100%
56
100%
57
100%
58
100%
59
100%
6
100%
7
100%
8
100%
9
100%
100
86%
60
86%
61
86%
62
86%
63
86%
64
86%
65
86%
66
86%
67
86%
68
86%
69
86%
70
86%
71
86%
72
86%
73
86%
74
86%
75
86%
76
86%
77
86%
101
71%
102
71%
103
71%
104
71%
78
71%
79
71%
80
71%
81
71%
82
71%
83
71%
84
71%
85
71%
86
71%
87
71%
88
71%
89
71%
90
71%
91
71%
92
71%
93
71%
94
71%
95
71%
96
71%
97
71%
98
71%
99
71%
105
57%
106
57%
107
57%
108
57%
109
57%
110
57%
111
57%
112
57%
113
57%
115
57%
117
57%
118
57%
119
57%
120
57%
121
57%
122
57%
123
57%
124
57%
125
57%
126
57%
127
57%
128
57%
129
57%
130
57%
131
57%
132
57%
133
57%
134
57%
136
57%
141
57%
154
57%
161
57%
169
57%
200
57%
114
43%
116
43%
135
43%
137
43%
138
43%
139
43%
140
43%
142
43%
143
43%
144
43%
145
43%
146
43%
147
43%
148
43%
149
43%
150
43%
151
43%
152
43%
153
43%
155
43%
156
43%
157
43%
158
43%
159
43%
160
43%
162
43%
163
43%
164
43%
165
43%
166
43%
167
43%
168
43%
170
43%
171
43%
172
43%
173
43%
174
43%
175
43%
176
43%
177
43%
178
43%
179
43%
180
43%
181
43%
182
43%
183
43%
184
43%
185
43%
186
43%
187
43%
188
43%
189
43%
190
43%
191
43%
192
43%
193
43%
194
43%
195
43%
196
43%
197
43%
198
43%
199
43%
No matching quizzes found
Score Distribution
Percent of People with Each Score
Percentile by Number Answered
Your Score History
You have not taken this quiz